Glycogen Storage Diseases - Statistics

General Stats
  • This quiz has been taken 4 times
  • The average score is 11 of 28
Answer Stats
Type Name % Correct
e Liver
100%
e Liver
75%
e Glucose-6-Phosphatase
50%
e Liver
50%
e Liver
50%
e Liver
50%
e Liver/Muscle
50%
e Muscle
50%
e Muscle
50%
e Muscle
50%
Type I von Gierke's
50%
e acid a-glucosidase
25%
Type IV Andersen's
25%
e Branching
25%
Type III Cori's
25%
Type IIIA Cori's
25%
e Debranching
25%
e Debranching
25%
e Glycogen synthase
25%
Type VI Hers'
25%
e l-Glycogen phosphorylase (l-GPHO)
25%
e Liver/Muscle
25%
Type V McArdle's
25%
e m-Glycogen phosphorylase (m-GPHO)
25%
e m-Phosphofructokinase (m-PFK1)
25%
e Phosphorylase Kinase (PHOK)
25%
Type II Pompe's
25%
Type VII Tauri's
25%
No matching quizzes found
Score Distribution
Percent of People with Each Score
Percentile by Number Answered
Your Score History
You have not taken this quiz